Phonetics, principles and practices /

Bibliographic Details
Main Author: Singh, Sadanand
Other Authors: Singh, Kala S.
Format: Book
Language:English
Published: Baltimore : University Park Press, [1982]
Edition:2nd ed.
Subjects:

MARC

Tag First Indicator Second Indicator Subfields
LEADER 00000pam a2200000 a 4500
001 in00000092998
005 20150923173455.0
008 810722s1982 mdua b 00110 eng
010 |a  81013031  
020 |a 0839117019 
035 |a (OCoLC)07672654 
035 |9 AAK8019AM 
039 0 |a 2  |b 3  |c 3  |d 3  |e 3 
040 |a DLC  |c DLC  |d TXA  |d UtOrBLW 
049 |a TXAM  |c [1443380] 
050 0 0 |a P221  |b  S53 1982 
082 0 |a 414  |2 19 
100 1 |a Singh, Sadanand. 
245 1 0 |a Phonetics, principles and practices /  |c Sadanand Singh and Kala S. Singh. 
250 |a 2nd ed. 
264 1 |a Baltimore :  |b University Park Press,  |c [1982] 
264 4 |c ©1982 
300 |a xvi, 268 pages :  |b illustrations ;  |c 26 cm. 
336 |a text  |b txt  |2 rdacontent 
337 |a unmediated  |b n  |2 rdamedia 
338 |a volume  |b nc  |2 rdacarrier 
500 |a Includes index. 
504 |a Bibliography: page 241. 
650 0 |a Phonetics. 
650 0 |a Distinctive features (Linguistics) 
700 1 |a Singh, Kala S. 
999 |a MARS 
999 f f |s 3b5a0d27-9300-3af3-b02f-b09e99e5f577  |i f2430251-b308-393c-abad-e3c5fb06386b  |t 0 
952 f f |p ric  |a Texas A&M University  |b Rellis Campus  |c Joint Library Facility  |s JLF  |d Remote Storage  |t 0  |e P221 S53 1982  |h Library of Congress classification  |i unmediated -- volume  |m A14806013969 
998 f f |a P221 S53 1982  |t 0  |l Remote Storage